| 000 | 00757nam a2200217Ia 4500 | ||
|---|---|---|---|
| 003 | GCL | ||
| 008 | 140319s9999 xx 000 0 ara d | ||
| 040 |
_aGCL / _cGCL |
||
| 082 | 0 | 4 |
_a810.9036 _bا ك |
| 100 | 1 | _aابن الاعرابى : ابو عبدالله محمد بن زياد | |
| 245 | 1 | 0 |
_aكتاب اسماء خيل العرب وفرسانها / _cابن الاعرابى : ابو عبدالله محمد بن زياد |
| 260 |
_a[S.N] : _bمكتبة النهضة المصرية ، _c1984 |
||
| 300 | _a254 ص | ||
| 490 | _a | ||
| 650 | 0 | 4 | _aالشعر العربى |
| 650 | 0 | 4 | _aالادب العربى |
| 650 | 0 | 4 | _aدواوين وقصائد |
| 650 | 0 | 4 | _aالخيل فى الادب |
| 650 | 0 | 4 | _aتاريخ ونقد |
| 942 |
_2ddc _cBK |
||
| 999 |
_c29196 _d29196 |
||